| 000 | 003930000a22001570004500 | ||
|---|---|---|---|
| 020 | _a1692-150X | ||
| 082 | 0 | 4 | _aSo134c |
| 110 | 1 | _aSociedad Colombiana de Pediatría | |
| 245 | 1 | 0 | _aCrianza y salud / Sociedad Colombiana de Pediatría |
| 260 | _aBogota: Medi Legis | ||
| 300 | _a52 p. | ||
| 440 | 0 | _aCrianza y Salud | |
| 650 | 1 | 4 | _aSalud \ Manual de educación |
| 001 | 2131 | ||
| 942 | _cLGB | ||
| 999 |
_c49278 _d49278 |
||